Topp 10 land som produserer mest vin - Sudden Death - Statistics

General Stats
  • This quiz has been taken 3 times
  • The average score is 7 of 10
Answers on the Grid
Answers color-coded by a green-red scale on the quiz's grid according to % correct below.
Hellas
Østerrike
Luxembourg
Italia
Frankrike
Andorra
Nederland
Sveits
Ungarn
Spania
Kina
USA
Australia
Argentina
Romania
Bulgaria
Sør-Afrika
Chile
India
Colombia
Costa Rica
Portugal
Thailand
New Zealand
Japan
 
Answer Stats
Answer % Correct
Frankrike
100%
Australia
67%
Chile
67%
Italia
67%
Kina
67%
Portugal
67%
Sør-Afrika
67%
Spania
67%
USA
67%
Argentina
33%
No matching quizzes found
Score Distribution
Percent of People with Each Score
Percentile by Number Answered
Your Score History
You have not taken this quiz